Quiz sur l'Europe - Statistiques

Statistiques générales
  • Ce quiz a été pris 234 fois
    174 depuis la dernière actualisation
  • Le résultat moyen est 6 sur 15
Statistiques - réponses
Question Réponse % Correct
Quel est le plus petit pays d'Europe ? Vatican
88%
Quel est le pays le plus peuplé de l'Union Européenne ? Allemagne
75%
Quel pays a pour capitale Minsk Biélorussie
75%
Quel est le plus grand pays d'Europe (superficie) ? Russie
75%
Combien de pays comte l'Union Européenne 27
63%
Quel est le plus grand port d'Europe Rotterdam
63%
Quel est le plus grand pays de l'Union Européenne ? France
50%
Quel est la ville la plus peuplée de l'Union Européenne ? Berlin
38%
Quel est le plus petit état de l'Union Européenne ? Malte
38%
Combien de pays sont traversé par le Danube 10
25%
Quel ville de l'Union Européenne à le plus d'habitants avec son agglomération ? Paris
13%
Combien de pays y-a-t-il en Europe 46
0%
A quel pays appartient les îles Féroé ? Danemark
0%
Quel est le plus haut sommet d'Europe Elbrouz
0%
Quelle est la ville la plus peuplée d'Europe ? Moscou
0%
Aucun quiz correspondant
Distribution des résultats
% des personnes avec chaque résultat
Percentile par nombre de réponses
Votre historique - résultats
Vous n’avez pas pris ce quiz depuis la dernière actualisation